[Event "Jousting with the Two Knights Defense"]
[Site "SchemingMind.com"]
[Date "2006.06.17"]
[Round "-"]
[White "MatdeInverses"]
[Black "dadshane2000"]
[Result "1-0"]
[WhiteCountry "USA"]
[BlackCountry "USA"]
[WhiteElo "2016"]
[WhiteRD "45"]
[BlackElo "1873"]
[BlackRD "81"]
[GameID "55738"]

1. e4 e5 2. Nf3 Nc6 3. Bc4 Nf6 4. d4 exd4 5. O-O Nxe4 6. Re1 d5 7. Bxd5 Qxd5 8. Nc3 Qa5 9. Nxe4 Be6 10. Bd2 Bb4
11. Nxd4 Nxd4 12. c3 O-O-O 13. cxb4 Qd5 14. Rc1 b6 15. Bf4 Rd7 16. Qd3 Kb7 17. Be5 Rhd8 18. Bxg7 Qxe4 19. Qxe4+
1-0

[Event "Jousting with the Two Knights Defense"]
[Site "SchemingMind.com"]
[Date "2006.06.17"]
[Round "-"]
[White "dadshane2000"]
[Black "MatdeInverses"]
[Result "0-1"]
[WhiteCountry "USA"]
[BlackCountry "USA"]
[WhiteElo "1877"]
[WhiteRD "75"]
[BlackElo "2054"]
[BlackRD "51"]
[GameID "55739"]

1. e4 e5 2. Nf3 Nc6 3. Bc4 Nf6 4. d3 Bc5 5. c3 Qe7 6. b4 Bb6 7. a4 a6 8. a5 Ba7 9. h3 d6 10. Nbd2 Be6
11. Qb3 O-O 12. Nf1 Bxc4 13. Qxc4 Qd7 14. Ne3 Ne7 15. Bd2 c6 16. O-O d5 17. exd5 cxd5 18. Qa2 e4 19. dxe4 dxe4 20. Ne5 Qb5
21. N5c4 Rfd8 22. Rfd1 Rac8 23. Rac1 Ng6 24. Be1 Nf4 25. Nb2 Ne2+ 26. Kh1 Nxc1 27. Rxc1 Bxe3 28. fxe3 Qf1+ 29. Kh2 Nd5 30. Bd2 Qf6
31. Qb3 Qd6+ 32. Kh1 Nxb4 33. cxb4 Qxd2 34. Rd1 Rc1 35. Rxc1 Qxc1+ 36. Kh2 h5 37. Nc4 Rd1 38. Ne5 Rh1+ 39. Kg3 Qe1+ 40. Kf4 Qh4+
0-1

[Event "Jousting with the Two Knights Defense"]
[Site "SchemingMind.com"]
[Date "2006.06.19"]
[Round "-"]
[White "MerkoTheMaster"]
[Black "dadshane2000"]
[Result "0-1"]
[WhiteCountry "SLO"]
[BlackCountry "USA"]
[WhiteElo "1475"]
[WhiteRD "114"]
[BlackElo "1877"]
[BlackRD "75"]
[GameID "55882"]

1. e4 e5 2. Nf3 Nc6 3. Bc4 Nf6 4. d3 Bc5 5. Ng5 O-O 6. Nc3 h6 7. Nh3 d6 8. Nd5 Na5 9. Bd2 Nxc4 10. dxc4 Nxe4
11. Qe2 Nxd2 12. Qxd2 Bxh3 13. gxh3 c6 14. Nc3 Qh4 15. Rf1 Qxh3 16. Ne4 Rad8 17. Qe2 Bb4+ 18. c3 Ba5 19. O-O-O Bc7 20. c5 Qe6
21. Kb1 d5 22. Ng3 f5 23. Rg1 Rd7 24. Nh5 f4 25. Rg4 Qf5+ 26. Ka1 Kh8 27. Rgg1 f3 28. Qe3 Qxh5 29. Rh1 Rf4 30. a3 Rh4
31. Rhg1 Rf7 32. Rg3 Rxh2 33. Rdg1 Rh1 34. Ka2 Rxg1 35. Rxg1 e4 36. Qc1 Bf4 37. Qc2 e3 38. fxe3 Bxe3 39. Rf1 Bxc5 40. Qb3 f2
41. c4 dxc4 42. Qxc4 Qd5 43. b3 Qxc4 44. bxc4 Re7
0-1

[Event "Jousting with the Two Knights Defense"]
[Site "SchemingMind.com"]
[Date "2006.06.19"]
[Round "-"]
[White "MerkoTheMaster"]
[Black "MatdeInverses"]
[Result "0-1"]
[WhiteCountry "SLO"]
[BlackCountry "USA"]
[WhiteElo "1400"]
[WhiteRD "135"]
[BlackElo "2016"]
[BlackRD "45"]
[GameID "55883"]

1. e4 e5 2. Nf3 Nc6 3. Bc4 Nf6 4. d3 Bc5 5. Ng5 O-O 6. Nc3 d6 7. Nd5 h6 8. Nh3 Bxh3 9. gxh3 Nxd5 10. Bxd5 Qh4
11. Rf1 Qxh3 12. Rh1 Nd4 13. Be3 Qg2 14. Bxh6 Qxh1+ 15. Kd2 Qxd1+ 16. Rxd1 gxh6 17. Rg1+ Kh7
0-1

[Event "Jousting with the Two Knights Defense"]
[Site "SchemingMind.com"]
[Date "2006.06.19"]
[Round "-"]
[White "dadshane2000"]
[Black "MerkoTheMaster"]
[Result "1-0"]
[WhiteCountry "USA"]
[BlackCountry "SLO"]
[WhiteElo "1873"]
[WhiteRD "81"]
[BlackElo "1400"]
[BlackRD "135"]
[GameID "55884"]

1. e4 e5 2. Nf3 Nc6 3. Bc4 Nf6 4. Ng5 d5 5. exd5 Nxd5 6. Nxf7 Kxf7 7. Qf3+ Qf6 8. Bxd5+ Be6 9. Bxc6 bxc6 10. Qxc6 Bd6
11. Nc3 Rhd8 12. Ne4 Qf5 13. d3 h6 14. O-O a6 15. Nxd6+ cxd6 16. f4 Kg8 17. fxe5 Qg6 18. exd6 Rac8 19. Qa4 Re8 20. Bf4 Bh3
21. Rf2 Re6 22. d7 Rd8 23. Bc7 Rxd7 24. Bg3 Rde7 25. gxh3 Qh5 26. Qf4 Qxh3 27. Qf8+ Kh7 28. Qf5+ Qxf5 29. Rxf5 Re2 30. Rf2 Rxf2
31. Kxf2
1-0

[Event "Jousting with the Two Knights Defense"]
[Site "SchemingMind.com"]
[Date "2006.06.25"]
[Round "-"]
[White "MatdeInverses"]
[Black "MerkoTheMaster"]
[Result "1-0"]
[WhiteCountry "USA"]
[BlackCountry "SLO"]
[WhiteElo "2016"]
[WhiteRD "45"]
[BlackElo "1400"]
[BlackRD "135"]
[GameID "55885"]

1. e4 e5 2. Nf3 Nc6 3. Bc4 Nf6 4. d4 d6 5. dxe5 dxe5 6. Qxd8+ Nxd8 7. Nc3 Bb4 8. Bd2 Nc6 9. Nd5 Nxd5 10. exd5 Bxd2+
11. Kxd2 Nd4 12. Nxe5 f6 13. Nd3 c6 14. Rhe1+ Kd8 15. c3 Nb5 16. dxc6 bxc6 17. Rad1 Bd7 18. Kc1 Re8 19. Rxe8+ Bxe8 20. Nc5+ Ke7
21. Re1+ Kf8 22. Ne6+ Kg8 23. Nc7+ Bf7 24. Bxf7+ Kxf7 25. Nxa8
1-0

[Event "Jousting with the Two Knights Defense"]
[Site "SchemingMind.com"]
[Date "2006.06.19"]
[Round "-"]
[White "Tere"]
[Black "dadshane2000"]
[Result "1-0"]
[WhiteCountry "VEN"]
[BlackCountry "USA"]
[WhiteElo "1598"]
[WhiteRD "102"]
[BlackElo "1887"]
[BlackRD "77"]
[GameID "55886"]

1. e4 e5 2. Nf3 Nc6 3. Bc4 Nf6 4. d4 exd4 5. Nxd4 Nxe4 6. Qe2 d5 7. Bb5 Bd7 8. Bxc6 bxc6 9. f3 Bc5 10. c3 O-O
11. fxe4 Re8 12. O-O Rxe4 13. Qf3 Qe7 14. Bf4 Bxd4+ 15. cxd4 Rxd4 16. Nc3 Be6 17. Rae1 Rb8 18. Bg5 f6 19. Qe3 Re8 20. Qxd4 fxg5
21. Na4 Qd6 22. Nc5 Bd7 23. Nxd7 Qxd7 24. Rxe8+ Qxe8 25. Qxa7 Qd8 26. Qc5 Qe8 27. a4 h6 28. a5 Kh7 29. Qf8 Qxf8 30. Rxf8 d4
31. Rd8 c5 32. a6 Kg6 33. Rd5
1-0

[Event "Jousting with the Two Knights Defense"]
[Site "SchemingMind.com"]
[Date "2006.06.19"]
[Round "-"]
[White "Tere"]
[Black "MatdeInverses"]
[Result "0-1"]
[WhiteCountry "VEN"]
[BlackCountry "USA"]
[WhiteElo "1511"]
[WhiteRD "102"]
[BlackElo "2054"]
[BlackRD "51"]
[GameID "55887"]

1. e4 e5 2. Nf3 Nc6 3. Bc4 Nf6 4. d4 exd4 5. Nxd4 Bc5 6. Be3 Bb6 7. Nxc6 bxc6 8. e5 Bxe3 9. fxe3 Ng8 10. O-O Nh6
11. Qh5 O-O 12. Bd3 d5 13. Qf3 Rb8 14. Nc3 Rxb2 15. Rad1 Bg4 16. Qg3 Bxd1 17. Rxd1 Qe7 18. Rf1 Rb4 19. e4 Qc5+ 20. Kh1 Qxc3
21. Kg1 dxe4 22. Ba6 Qxg3 23. hxg3 Ra4 24. Bb7 Rxa2 25. Bxc6 Rxc2 26. Bxe4 Re2
0-1

[Event "Jousting with the Two Knights Defense"]
[Site "SchemingMind.com"]
[Date "2006.06.19"]
[Round "-"]
[White "Tere"]
[Black "MerkoTheMaster"]
[Result "1-0"]
[WhiteCountry "VEN"]
[BlackCountry "SLO"]
[WhiteElo "1456"]
[WhiteRD "120"]
[BlackElo "1400"]
[BlackRD "135"]
[GameID "55888"]

1. e4 e5 2. Nf3 Nc6 3. Bc4 Nf6 4. d4 exd4 5. Nxd4 Nxd4 6. Qxd4 d6 7. e5 Qe7 8. f4 dxe5 9. fxe5 Bf5 10. O-O Ng4
11. Rxf5 f6 12. Qxg4 O-O-O 13. Bg5 Kb8 14. exf6 Qe1+ 15. Rf1 Bc5+ 16. Kh1 Rd1 17. Qxd1 Qxd1 18. Rxd1 gxf6 19. Bxf6 Re8 20. Rd8+
1-0

[Event "Jousting with the Two Knights Defense"]
[Site "SchemingMind.com"]
[Date "2006.06.19"]
[Round "-"]
[White "dadshane2000"]
[Black "Tere"]
[Result "1-0"]
[WhiteCountry "USA"]
[BlackCountry "VEN"]
[WhiteElo "1877"]
[WhiteRD "75"]
[BlackElo "1511"]
[BlackRD "102"]
[GameID "55889"]

1. e4 e5 2. Nf3 Nc6 3. Bc4 Nf6 4. Ng5 d5 5. exd5 Na5 6. Bb5+ c6 7. dxc6 bxc6 8. Be2 h6 9. Nf3 e4 10. Ne5 Bd6
11. f4 O-O 12. O-O Nd5 13. Nc3 Qh4 14. d4 f6 15. Ng6 Qxh2+ 16. Kxh2 Rd8 17. Nxd5 cxd5 18. Bh5 Bf5 19. b3 Nc6 20. c3 Ne7
21. Nxe7+ Bxe7 22. Bg4
1-0

[Event "Jousting with the Two Knights Defense"]
[Site "SchemingMind.com"]
[Date "2006.06.25"]
[Round "-"]
[White "MatdeInverses"]
[Black "Tere"]
[Result "1-0"]
[WhiteCountry "USA"]
[BlackCountry "VEN"]
[WhiteElo "2016"]
[WhiteRD "45"]
[BlackElo "1456"]
[BlackRD "120"]
[GameID "55890"]

1. e4 e5 2. Nf3 Nc6 3. Bc4 Nf6 4. d4 exd4 5. O-O d5 6. exd5 Nxd5 7. Nxd4 Nxd4 8. Qxd4 Be6 9. Re1 c6 10. Nc3 Be7
11. Bxd5 cxd5 12. Qxg7 Bf6 13. Qg3 Bh4 14. Qe5 Rg8 15. Nxd5 Kd7 16. Bf4 Bh3 17. Rad1 Rxg2+ 18. Kh1
1-0

[Event "Jousting with the Two Knights Defense"]
[Site "SchemingMind.com"]
[Date "2006.06.19"]
[Round "-"]
[White "MerkoTheMaster"]
[Black "Tere"]
[Result "0-1"]
[WhiteCountry "SLO"]
[BlackCountry "VEN"]
[WhiteElo "1475"]
[WhiteRD "114"]
[BlackElo "1511"]
[BlackRD "102"]
[GameID "55891"]

1. e4 e5 2. Nf3 Nc6 3. Bc4 Nf6 4. d3 d5 5. exd5 Na5 6. Nxe5 Nxc4 7. dxc4 Qe7 8. Bf4 Bg4 9. f3 Nh5 10. Qd2 g5
11. Bg3 Nxg3 12. fxg4 Qxe5+ 13. Kd1 Nxh1 14. Nc3 Bc5 15. Qe2 Qxe2+ 16. Nxe2 Nf2+ 17. Kd2 Rd8 18. Re1 Kd7 19. h3 Kc8 20. Ng3 c6
21. Kc1 cxd5 22. Rf1 Ne4 23. Nf5 dxc4 24. h4 gxh4 25. Nxh4 Rd2 26. Rf4 Re8 27. Nf3 Be3 28. Nxd2 Bxd2+
0-1

[Event "Jousting with the Two Knights Defense"]
[Site "SchemingMind.com"]
[Date "2006.06.21"]
[Round "-"]
[White "echecs"]
[Black "dadshane2000"]
[Result "0-1"]
[WhiteCountry "ENG"]
[BlackCountry "USA"]
[WhiteElo "1630"]
[WhiteRD "85"]
[BlackElo "1873"]
[BlackRD "81"]
[GameID "56280"]

1. e4 e5 2. Nf3 Nc6 3. Bc4 Nf6 4. Ng5 d5 5. exd5 Na5 6. Bb5+ c6 7. dxc6 bxc6 8. Ba4 h6 9. Nf3 e4 10. Qe2 Be6
11. b4 exf3 12. Qxf3 Bxb4 13. O-O O-O 14. Bb2 Bd5 15. Qg3 Nb7 16. Nc3 Bd6 17. Nxd5 Bxg3 18. Nxf6+ gxf6 19. fxg3 Qb6+ 20. Kh1 Qxb2
21. Rfb1 Qd4 22. Bxc6 Rab8 23. c3 Qxd2 24. Rxb7 Rxb7 25. Bxb7 Qb2
0-1

[Event "Jousting with the Two Knights Defense"]
[Site "SchemingMind.com"]
[Date "2006.06.21"]
[Round "-"]
[White "echecs"]
[Black "Tere"]
[Result "1-0"]
[WhiteCountry "ENG"]
[BlackCountry "VEN"]
[WhiteElo "1651"]
[WhiteRD "71"]
[BlackElo "1511"]
[BlackRD "102"]
[GameID "56281"]

1. e4 e5 2. Nf3 Nc6 3. Bc4 Nf6 4. Ng5 d5 5. exd5 Na5 6. Bb5+ c6 7. dxc6 bxc6 8. Be2 h6 9. Nf3 e4 10. Ne5 Bd6
11. Nc4 Nxc4 12. Bxc4 O-O 13. Nc3 Bg4 14. Be2 Bc5 15. Bxg4 Nxg4 16. Qxg4 f5 17. Qe2 Qd6 18. O-O Bb6 19. b3 Bc7 20. g3 f4
21. Nxe4 Qe5 22. Ba3 Rfe8 23. Qc4+ Kh7 24. Rae1 Rf8 25. Bxf8
1-0

[Event "Jousting with the Two Knights Defense"]
[Site "SchemingMind.com"]
[Date "2006.06.21"]
[Round "-"]
[White "echecs"]
[Black "MatdeInverses"]
[Result "0-1"]
[WhiteCountry "ENG"]
[BlackCountry "USA"]
[WhiteElo "1630"]
[WhiteRD "85"]
[BlackElo "2016"]
[BlackRD "45"]
[GameID "56282"]

1. e4 e5 2. Nf3 Nc6 3. Bc4 Nf6 4. Ng5 d5 5. exd5 b5 6. dxc6 bxc4 7. Nc3 h6 8. Nf3 Bd6 9. Qe2 O-O 10. Qxc4 Rb8
11. O-O Rb4 12. Qe2 e4 13. Ne1 Bxh2+ 14. Kh1 Bg4 15. Qe3 Bd6 16. g3 Re8 17. b3 Re5 18. d3 Bc5 19. Qd2 e3 20. fxe3 Bxe3
21. Qxe3 Rxe3 22. Bxe3 Qd6 23. Bf4 Qxc6+ 24. Ne4 Rxe4 25. dxe4 Nxe4 26. Kh2 Be2 27. Rg1 Nf2 28. Rg2 Ng4+ 29. Kh3 Qe6 30. Rg1 Qf5
31. Kg2 Qd5+ 32. Kh3 Qh5+
0-1

[Event "Jousting with the Two Knights Defense"]
[Site "SchemingMind.com"]
[Date "2006.06.21"]
[Round "-"]
[White "echecs"]
[Black "MerkoTheMaster"]
[Result "1-0"]
[WhiteCountry "ENG"]
[BlackCountry "SLO"]
[WhiteElo "1630"]
[WhiteRD "85"]
[BlackElo "1400"]
[BlackRD "135"]
[GameID "56283"]

1. e4 e5 2. Nf3 Nc6 3. Bc4 Nf6 4. Ng5 d5 5. exd5 Nb4 6. d6 Nfd5 7. Nxf7 Kxf7 8. Qf3+ Qf6 9. Bxd5+ Nxd5 10. Qxd5+ Be6
11. Qxb7 Bxd6 12. Nc3 Bc5 13. Qxc7+ Be7 14. Ne4 Qg6 15. Ng3 Rhc8 16. Qxe5 Rxc2 17. Qe4 Rac8 18. O-O Rd8 19. Re1 Bd6 20. Qe3 Kg8
21. Qxe6+ Qxe6 22. Rxe6 Kf7 23. Re3 Re8 24. Rxe8 Kxe8 25. d4 Rc4 26. Be3 g6 27. Ne4 Kd7 28. Nf6+ Kc6 29. Nxh7 Be7 30. Ng5 Bxg5
31. Bxg5 Rxd4 32. Be3 Rd7 33. g3 a5 34. a3 Kb5 35. Rc1 Rd5 36. Kg2 Ka4 37. Rc5 Rd1 38. Rg5 Rb1 39. Bb6 Rc1 40. Bxa5 Rc6
41. Bc3 Kb3 42. h4 Re6 43. h5 gxh5 44. Rxh5 Rg6 45. Rd5 Rg8 46. f4 Kc4 47. Re5 Kb3 48. Kf3 Rf8 49. g4
1-0

[Event "Jousting with the Two Knights Defense"]
[Site "SchemingMind.com"]
[Date "2006.06.21"]
[Round "-"]
[White "dadshane2000"]
[Black "echecs"]
[Result "1-0"]
[WhiteCountry "USA"]
[BlackCountry "ENG"]
[WhiteElo "1877"]
[WhiteRD "75"]
[BlackElo "1651"]
[BlackRD "71"]
[GameID "56284"]

1. e4 e5 2. Nf3 Nc6 3. Bc4 Nf6 4. d4 exd4 5. O-O Be7 6. e5 Ng4 7. Bf4 g5 8. Bg3 h5 9. h3 h4 10. Bh2 Nxh2
11. Kxh2 d5 12. Bb5 Bd7 13. Bxc6 bxc6 14. Qxd4 Rg8 15. g4 Rb8 16. a3 Qc8 17. Nbd2 Be6 18. b4 Ra8 19. Nb3 Qa6 20. Nc5 Qe2
21. Nxe6 fxe6 22. Qd3 Qxd3 23. cxd3 c5 24. Rfc1 cxb4 25. axb4 Bxb4 26. Rxc7 a5 27. Ra2 a4 28. Nd4 Rg6 29. Ne2 a3 30. Kg2 Kd8
31. Rb7 Ra4 32. f4 Kc8 33. Rf7 Bc5 34. f5 exf5 35. gxf5 Rg8 36. Nc3 Rd4 37. Nb5 Rxd3 38. Rc7+ Kb8 39. Rxc5 g4 40. hxg4 Rxg4+
41. Kh2 Rgg3 42. Rcc2 Rh3+ 43. Kg1 Rd1+ 44. Kg2 Rg3+ 45. Kh2 Rdd3 46. Rg2 Rge3 47. e6 Rh3+ 48. Kg1 Rhe3 49. Rg7 Rb3 50. e7 Rb2
51. Rg2 Rxe7 52. Raxb2 axb2 53. Rxb2 Kc8 54. Rd2 Rg7+ 55. Kh2 Rd7 56. Nd4 Kd8 57. Nf3 Ke8 58. Nxh4 Kf7 59. Kg3 Kf6 60. Kf4 Rd8
61. Rd4 Rh8 62. Ng2 Rh5 63. Rxd5 Rh1 64. Ne3
1-0

[Event "Jousting with the Two Knights Defense"]
[Site "SchemingMind.com"]
[Date "2006.06.22"]
[Round "-"]
[White "Tere"]
[Black "echecs"]
[Result "0-1"]
[WhiteCountry "VEN"]
[BlackCountry "ENG"]
[WhiteElo "1511"]
[WhiteRD "102"]
[BlackElo "1651"]
[BlackRD "71"]
[GameID "56285"]

1. e4 e5 2. Nf3 Nc6 3. Bc4 Nf6 4. d4 exd4 5. Nxd4 Nxe4 6. Qe2 Nxd4 7. Qxe4+ Ne6 8. Nc3 Bd6 9. O-O Qf6 10. Re1 Qg6
11. Nb5 O-O 12. Nxd6 cxd6 13. Qxg6 hxg6 14. Bd2 a5 15. Re4 b6 16. Bd5 Rb8 17. b4 axb4 18. Bxb4 Nc5 19. Re3 Ba6 20. Rae1 Bb5
21. Bc3 Ne6 22. h4 Bc6 23. Bb3 Nf4 24. Bd2 Nxg2
0-1

[Event "Jousting with the Two Knights Defense"]
[Site "SchemingMind.com"]
[Date "2006.06.25"]
[Round "-"]
[White "MatdeInverses"]
[Black "echecs"]
[Result "1-0"]
[WhiteCountry "USA"]
[BlackCountry "ENG"]
[WhiteElo "2016"]
[WhiteRD "45"]
[BlackElo "1630"]
[BlackRD "85"]
[GameID "56286"]

1. e4 e5 2. Nf3 Nc6 3. Bc4 Nf6 4. d4 Nxe4 5. dxe5 Nc5 6. Nc3 Be7 7. Bf4 O-O 8. Qe2 Ne6 9. Bg3 a6 10. O-O-O b5
11. Bd5 Bb7 12. Ne4 b4 13. h4 a5 14. Nfg5 Ncd4 15. Qh5 Nxg5 16. hxg5 h6 17. Bxb7 Bxg5+ 18. Nxg5
1-0

[Event "Jousting with the Two Knights Defense"]
[Site "SchemingMind.com"]
[Date "2006.06.21"]
[Round "-"]
[White "MerkoTheMaster"]
[Black "echecs"]
[Result "1-0"]
[WhiteCountry "SLO"]
[BlackCountry "ENG"]
[WhiteElo "1400"]
[WhiteRD "135"]
[BlackElo "1630"]
[BlackRD "85"]
[GameID "56287"]

1. e4 e5 2. Nf3 Nc6 3. Bc4 Nf6 4. d3 h6 5. Nc3 Bc5 6. Be3 Bxe3 7. fxe3 a6 8. d4 exd4 9. Nxd4 Qe7 10. Qf3 Ne5
11. Qg3 Nxc4 12. Qxg7 Rg8 13. Qxh6 Ng4 14. Qh7 Qg5 15. O-O-O Nf2 16. Rhf1 Nxd1 17. Qxf7+ Kd8 18. Rxd1 Nd6 19. Qf3 Nc4 20. Re1 Qxg2
21. Rf1 Qxf3 22. Rxf3 Rg1+ 23. Nd1 b5 24. Rh3 Bb7 25. Nf5 Bxe4 26. Rh8+
1-0

[Event "Jousting with the Two Knights Defense"]
[Site "SchemingMind.com"]
[Date "2006.06.21"]
[Round "-"]
[White "Grazic66"]
[Black "dadshane2000"]
[Result "0-1"]
[WhiteCountry "ITA"]
[BlackCountry "USA"]
[WhiteElo "1455"]
[WhiteRD "86"]
[BlackElo "1877"]
[BlackRD "75"]
[GameID "56302"]

1. e4 e5 2. Nf3 Nc6 3. Bc4 Nf6 4. Ng5 d5 5. exd5 Na5 6. Bb5+ c6 7. dxc6 bxc6 8. Be2 h6 9. Nf3 e4 10. Ne5 Bd6
11. d4 exd3 12. Nxd3 Qc7 13. O-O Bxh2+
0-1

[Event "Jousting with the Two Knights Defense"]
[Site "SchemingMind.com"]
[Date "2006.06.21"]
[Round "-"]
[White "Grazic66"]
[Black "Tere"]
[Result "0-1"]
[WhiteCountry "ITA"]
[BlackCountry "VEN"]
[WhiteElo "1455"]
[WhiteRD "86"]
[BlackElo "1511"]
[BlackRD "102"]
[GameID "56303"]

1. e4 e5 2. Nf3 Nc6 3. Bc4 Nf6 4. Ng5 d5 5. exd5 Na5 6. Bb5+ c6 7. dxc6 bxc6 8. Qf3 Bg4 9. Bxc6+ Nxc6 10. Qxc6+ Bd7
11. Qc4 Be6 12. Nxe6 fxe6
0-1

[Event "Jousting with the Two Knights Defense"]
[Site "SchemingMind.com"]
[Date "2006.06.21"]
[Round "-"]
[White "Grazic66"]
[Black "MatdeInverses"]
[Result "0-1"]
[WhiteCountry "ITA"]
[BlackCountry "USA"]
[WhiteElo "1455"]
[WhiteRD "86"]
[BlackElo "2054"]
[BlackRD "51"]
[GameID "56304"]

1. e4 e5 2. Nf3 Nc6 3. Bc4 Nf6 4. Ng5 d5 5. exd5 b5 6. Bxb5 Qxd5 7. Bxc6+ Qxc6 8. Qf3 e4 9. Qb3 Bc5 10. Qxf7+ Kd8
0-1

[Event "Jousting with the Two Knights Defense"]
[Site "SchemingMind.com"]
[Date "2006.06.21"]
[Round "-"]
[White "Grazic66"]
[Black "MerkoTheMaster"]
[Result "0-1"]
[WhiteCountry "ITA"]
[BlackCountry "SLO"]
[WhiteElo "1455"]
[WhiteRD "86"]
[BlackElo "1475"]
[BlackRD "114"]
[GameID "56305"]

1. e4 e5 2. Nf3 Nc6 3. Bc4 Nf6 4. Ng5 d5 5. exd5 Nxd5 6. Nxf7 Kxf7 7. Qf3+ Qf6 8. Bxd5+ Be6 9. Bxe6+ Kxe6 10. Qb3+ Ke7
11. Qxb7 Rb8
0-1

[Event "Jousting with the Two Knights Defense"]
[Site "SchemingMind.com"]
[Date "2006.06.21"]
[Round "-"]
[White "Grazic66"]
[Black "echecs"]
[Result "0-1"]
[WhiteCountry "ITA"]
[BlackCountry "ENG"]
[WhiteElo "1455"]
[WhiteRD "86"]
[BlackElo "1651"]
[BlackRD "71"]
[GameID "56306"]

1. e4 e5 2. Nf3 Nc6 3. Bc4 Nf6 4. Ng5 d5 5. exd5 Na5 6. Bb5+ Bd7 7. Qe2 Bd6 8. a3 Nxd5 9. d4 Bxb5 10. Qxb5+ c6
11. Qd3 Nf4
0-1

[Event "Jousting with the Two Knights Defense"]
[Site "SchemingMind.com"]
[Date "2006.06.22"]
[Round "-"]
[White "dadshane2000"]
[Black "Grazic66"]
[Result "1-0"]
[WhiteCountry "USA"]
[BlackCountry "ITA"]
[WhiteElo "1877"]
[WhiteRD "75"]
[BlackElo "1455"]
[BlackRD "86"]
[GameID "56307"]

1. e4 e5 2. Nf3 Nc6 3. Bc4 Nf6 4. d4 exd4 5. O-O Nxe4 6. Re1 d5 7. Bxd5 Qxd5 8. Nc3 Qa5 9. Nxe4 Be7 10. Bg5 f6
11. Bf4 Bg4 12. Ng3 O-O-O 13. a3
1-0

[Event "Jousting with the Two Knights Defense"]
[Site "SchemingMind.com"]
[Date "2006.06.22"]
[Round "-"]
[White "Tere"]
[Black "Grazic66"]
[Result "1-0"]
[WhiteCountry "VEN"]
[BlackCountry "ITA"]
[WhiteElo "1511"]
[WhiteRD "102"]
[BlackElo "1455"]
[BlackRD "86"]
[GameID "56308"]

1. e4 e5 2. Nf3 Nc6 3. Bc4 Nf6 4. d4 exd4 5. Nxd4 Ne5 6. Bb3 Nxe4 7. Qe2 d5 8. f3 Qh4+ 9. g3 Nxg3 10. Qxe5+ Be7
11. Qxg3
1-0

[Event "Jousting with the Two Knights Defense"]
[Site "SchemingMind.com"]
[Date "2006.06.25"]
[Round "-"]
[White "MatdeInverses"]
[Black "Grazic66"]
[Result "1-0"]
[WhiteCountry "USA"]
[BlackCountry "ITA"]
[WhiteElo "2054"]
[WhiteRD "51"]
[BlackElo "1455"]
[BlackRD "86"]
[GameID "56309"]

1. e4 e5 2. Nf3 Nc6 3. Bc4 Nf6 4. d4 exd4 5. O-O d5 6. exd5 Na5 7. Qe1+ Be7 8. Qxa5 O-O 9. Nxd4 c6 10. Qxd8 Rxd8
11. Nc3 cxd5 12. Bb3
1-0

[Event "Jousting with the Two Knights Defense"]
[Site "SchemingMind.com"]
[Date "2006.06.21"]
[Round "-"]
[White "MerkoTheMaster"]
[Black "Grazic66"]
[Result "1-0"]
[WhiteCountry "SLO"]
[BlackCountry "ITA"]
[WhiteElo "1475"]
[WhiteRD "114"]
[BlackElo "1455"]
[BlackRD "86"]
[GameID "56310"]

1. e4 e5 2. Nf3 Nc6 3. Bc4 Nf6 4. Ng5 d5 5. exd5 Na5 6. d3 h6 7. Nf3 Bd6 8. Qe2 Qe7 9. b4 Bxb4+ 10. Bd2 e4
11. dxe4 Bxd2+ 12. Nbxd2
1-0

[Event "Jousting with the Two Knights Defense"]
[Site "SchemingMind.com"]
[Date "2006.06.21"]
[Round "-"]
[White "echecs"]
[Black "Grazic66"]
[Result "1-0"]
[WhiteCountry "ENG"]
[BlackCountry "ITA"]
[WhiteElo "1651"]
[WhiteRD "71"]
[BlackElo "1455"]
[BlackRD "86"]
[GameID "56311"]

1. e4 e5 2. Nf3 Nc6 3. Bc4 Nf6 4. d3 Bc5 5. h3 O-O 6. O-O Na5 7. Nxe5 d6 8. Nxf7 Rxf7 9. Bxf7+ Kxf7 10. c3 Nc6
11. d4 Bb6 12. Bg5
1-0